Trends in academic library management: A book in honour of prof Benson Eziukwu Edoka (Record no. 3843)

MARC details
000 -LEADER
fixed length control field 00359nam a22001217a 4500
008 - FIXED-LENGTH DATA ELEMENTS--GENERAL INFORMATION
fixed length control field 250610b |||||||| |||| 00| 0 eng d
020 ## - INTERNATIONAL STANDARD BOOK NUMBER
ISBN 9789789708345
245 ## - TITLE STATEMENT
Title Trends in academic library management: A book in honour of prof Benson Eziukwu Edoka
260 ## - PUBLICATION, DISTRIBUTION, ETC. (IMPRINT)
Place of publication Enugu
Name of publisher Derafelo publishers
Date of publication 2022
300 ## - COLLATION
Pagination 493p
942 ## - ADDED ENTRY ELEMENTS (KOHA)
Item type Books
050 ## - LIBRARY OF CONGRESS CALL NUMBER
Classification number Z 675
Item number .T 74

No items available.